书目信息 |
| 题名: |
广告传播与公共信任
|
|
| 作者: | 舒咏平 著 | |
| 分册: | ||
| 出版信息: | 北京 人民出版社 2009.08 |
|
| 页数: | 273页 | |
| 开本: | 21cm | |
| 丛书名: | “科技进步与人文精神”研究丛书 | |
| 单 册: | ||
| 中图分类: | F713.8 | |
| 科图分类: | ||
| 主题词: | 广告--信用--研究 , 广告 , 信用 | |
| 电子资源: | ||
| ISBN: | 978-7-01-007913-4 | |
| 000 | 01102nam0 22003011 450 | |
| 001 | 004473576 | |
| 005 | 20100712205833.0 | |
| 010 | @a978-7-01-007913-4@dCNY20.00 | |
| 100 | @a20100421d2009 em y0chiy50 ea | |
| 101 | 0 | @achi |
| 102 | @aCN@b110000 | |
| 105 | @ay z 000yy | |
| 200 | 1 | @a广告传播与公共信任@9guang gao chuan bo yu gong gong xin ren@e广告公信力研究@f舒咏平著 |
| 210 | @a北京@c人民出版社@d2009.08 | |
| 215 | @a273页@d21cm | |
| 225 | 1 | @a“科技进步与人文精神”研究丛书 |
| 300 | @a国家985工程Ⅱ期资助项目 教育部人文社会科学“广告的社会效果与公信力建设”项目(05JA860003)成果 | |
| 330 | @a本书共分五章,内容包括:广告公信力的提出、广告公信力相关研究、公信力视野中的报刊广告、我国广告社会效果与公信力的实态、广告公信力评估模型。 | |
| 461 | 0 | @12001 @a“科技进步与人文精神”研究丛书 |
| 517 | 1 | @a广告公信力研究@9guang gao gong xin li yan jiu |
| 606 | 0 | @a广告@x信用@x研究 |
| 606 | 0 | @a广告 |
| 606 | 0 | @a信用 |
| 690 | @aF713.8@v5 | |
| 701 | 0 | @a舒咏平@9shu yong ping@f(1953~)@4著 |
| 801 | 0 | @aCN@b91MARC@c20101222 |
| 905 | @aBZT@dF713.8@e13 | |
| 906 | @dCNY20.00@n0@r1 | |
| 广告传播与公共信任:广告公信力研究/舒咏平著.-北京:人民出版社,2009.08 |
| 273页;21cm.-(“科技进步与人文精神”研究丛书) |
| 国家985工程Ⅱ期资助项目 教育部人文社会科学“广告的社会效果与公信力建设”项目(05JA860003)成果 |
| ISBN 978-7-01-007913-4:CNY20.00 |
| 本书共分五章,内容包括:广告公信力的提出、广告公信力相关研究、公信力视野中的报刊广告、我国广告社会效果与公信力的实态、广告公信力评估模型。 |
| ● |
| 相关链接 |
|
|
|
正题名:广告传播与公共信任
索取号:F713.8/13
 
预约/预借
| 序号 | 登录号 | 条形码 | 馆藏地/架位号 | 状态 | 备注 |
| 1 | 754991 | 2000754991 | 样本书库/样008架A面5层1列/ [索取号:F713.8/13] | 在馆 | |
| 2 | 754992 | 2000754992 | 中心书库北库/ 北库020架A面3列2层17/ [索取号:F713.8/13] | 在馆 | |
| 3 | 754993 | 2000754993 | 中心书库北库/ 北库020架A面3列2层18/ [索取号:F713.8/13] | 在馆 | |
| 4 | 754994 | 2000754994 | 中心书库北库/ 北库020架A面3列2层19/ [索取号:F713.8/13] | 在馆 | |
| 5 | 754995 | 2000754995 | 中心书库北库/ 北库020架A面3列2层15/ [索取号:F713.8/13] | 在馆 | |
| 6 | 754996 | 2000754996 | 中心书库北库/ 北库020架A面3列2层16/ [索取号:F713.8/13] | 在馆 |